Responses for show #6852 - Tuesday, June 3, 2014

Contestants

[<< previous game]

Peter Dyakowski, a professional football player from Hamilton, Ontario, Canada

Sarah Fremgen, a microbiologist from Carrollton, Texas

Brian Loughnane, an investment operations manager from Scituate, Massachusetts (whose 1-day cash winnings total $22,600)

[next game >>]

Jeopardy! Round responses

FOUNDERS DAY
FIRE PLACE
NICE "RUG"
WORD PROBLEM PROBLEMS
TV DRAMA SERIES
ALASKA'S GLACIERS
    $200 26
Ted Turner

Brian
    $200 1
(Brian: What is Babylon?)

Jerusalem

BrianSarah
    $200 21
rugged

Brian
    $200 6
Stanford

Brian
    $200 16
ER

Brian
    $200 11
the Little Ice Age

Sarah
    $400 27
Joseph Smith

Sarah
    $400 2
Chicago

Sarah
    $400 22
rugby

Brian
    $400 7
the Redskins

Sarah
    $400 17
(Sarah: What is [Pause] Psycho?)
...
(Alex: You're on the right track, of course--what is [*]?)

Bates Motel

Sarah
Triple Stumper
    $400 12
Johns Hopkins

Sarah
    $1,000 28
(Sarah: [Long pause] Who is Jobs?)

Paul Allen

Sarah
    $600 3
London

Brian
    $600 23
the Food and Drug Administration

Sarah
    $600 8
meringue

Peter
    $600 18
Aaron Sorkin

Triple Stumper
    $600 13
reflecting

Brian
    $800 4
Alexandria

Brian
    $800 9
(James) Patterson

Brian
    $800 19
The Fugitive

Brian
    $800 14
(Sarah: Who is Audubon?)

John Muir

Sarah
Triple Stumper
    $1000 25
Eunice

Brian
    $1000 5
Paris

Brian
    $1000 24
(Peter: Who is...)

Earl Scruggs

Peter
Triple Stumper
    $1000 10
Brazil

Brian
    $1000 20
The X-Files

Sarah
    $1000 15
(Peter: What is the Ice Age?)

the Pleistocene

Peter
Triple Stumper

Scores at the first commercial break (after clue 13):

Brian Sarah Peter
$4,800 $1,600 $600

Scores at the end of the Jeopardy! Round:

Brian Sarah Peter
$7,600 $1,400 -$1,400

Double Jeopardy! Round responses

THE BRITS ADD U TO IT
HOSPITALS
GRAB BAG
SUN OF A BOOK
RODGERS & HAMMERSTEIN
THE LEADER WHO...
    $400 1
humor

Peter
    $400 16
Walter Reed

Brian
    $400 6
Bloomberg

Peter
    $400 29
astrology

Brian
    $400 23
The Sound of Music

Sarah
    $400 11
Putin

Peter
    $800 2
rumor

Sarah
    $800 17
(Charles) Kettering

Sarah
    $800 7
Colombia

Sarah
    $800 30
(Sarah: Who is Bradbury?)

Isaac Asimov

Sarah
Triple Stumper
    $800 22
Oklahoma!

Sarah
    $800 12
William Pitt

Brian
    $1200 3
the neighborhood

Sarah
    $1200 18
Mass. General Hospital

Brian
    $1200 8
Arizona

Triple Stumper
    $1200 28
Afghanistan

Brian
    $4,000 19
(Brian: ...What is Carnival?)

Carousel

Brian
    $1200 13
De Gaulle

Peter
    $1600 4
the favorite

Peter
    $1600 24
Cedars-Sinai

Sarah
    $1600 9
hamstring

Peter
    $1600 27
Lorraine Hansberry

Triple Stumper
    $1600 20
South Pacific

Brian
    $3,000 14
(Peter: Who is... Hernandez?)

Fulgencio Batista

Peter
    $2000 5
to savor

Sarah
    $2000 25
South Africa

Brian
    $2000 10
Jack the Ripper

Triple Stumper
    $2000 26
King Solomon's Mines

Brian
    $2000 21
"being a girl"

Triple Stumper
    $2000 15
Ho Chi Minh

Sarah

Scores at the end of the Double Jeopardy! Round:

Brian Sarah Peter
$13,200 $11,000 $1,200

[wagering suggestions for these scores]

Final Jeopardy! Round responses

COLLEGES & UNIVERSITIES
PeterWhat is the Orangemen?
$0
SarahWhat are the Quakers?
$10,000
BrianWhat is
$9,000
the Quakers (of the University of Pennsylvania)

Final scores:

Brian Sarah Peter
$4,200 $21,000 $1,200
2nd place: $2,000 New champion: $21,000 3rd place: $1,000

Game dynamics:

Coryat scores:

Brian Sarah Peter
$17,200 $12,000 $4,200
21 R,
2 W
(including 1 DD)
17 R,
4 W
(including 1 DD)
7 R,
3 W
(including 1 DD)

Combined Coryat: $33,400

The J! Archive is created by fans, for fans. The Jeopardy! game show and all elements thereof, including but not limited to copyright and trademark thereto, are the property of Jeopardy Productions, Inc. and are protected under law. This website is not affiliated with, sponsored by, or operated by Jeopardy Productions, Inc. Join the discussion at JBoard.tv.